Plasma physics (Record no. 2053)

MARC details
000 -LEADER
fixed length control field 00635nam a2200217Ia 4500
003 - CONTROL NUMBER IDENTIFIER
control field IN-BaIIA
008 - FIXED-LENGTH DATA ELEMENTS--GENERAL INFORMATION
fixed length control field 211028s9999 xx 000 0 eng d
040 ## - CATALOGING SOURCE
Transcribing agency IIA Library
080 ## - UNIVERSAL DECIMAL CLASSIFICATION NUMBER
Universal Decimal Classification number 533
Item number LIN
100 ## - MAIN ENTRY--PERSONAL NAME
Personal name Linhart, J. G.
9 (RLIN) 3866
245 #0 - TITLE STATEMENT
Title Plasma physics
Statement of responsibility, etc. J. G.Linhart
250 ## - EDITION STATEMENT
Edition statement 2nd rev. ed.
260 ## - PUBLICATION, DISTRIBUTION, ETC.
Place of publication, distribution, etc. Amsterdam
Name of publisher, distributor, etc. North-Holland
Date of publication, distribution, etc. 1961
300 ## - PHYSICAL DESCRIPTION
Extent xi, 277p.
490 ## - SERIES STATEMENT
Series statement Series in physics
650 ## - SUBJECT ADDED ENTRY--TOPICAL TERM
Topical term or geographic name entry element Astronomy and astrophysics thesaurus
650 ## - SUBJECT ADDED ENTRY--TOPICAL TERM
Topical term or geographic name entry element Magnetohydrodynamics
9 (RLIN) 1666
650 ## - SUBJECT ADDED ENTRY--TOPICAL TERM
Topical term or geographic name entry element Plasma physics
9 (RLIN) 3732
650 ## - SUBJECT ADDED ENTRY--TOPICAL TERM
Topical term or geographic name entry element Plasmas
9 (RLIN) 1898
942 ## - ADDED ENTRY ELEMENTS (KOHA)
Koha item type Books
Holdings
Withdrawn status Lost status Damaged status Not for loan Home library Current library Shelving location Date acquired Cost, normal purchase price Total Checkouts Full call number Barcode Date last seen Cost, replacement price Price effective from Koha item type Purchase Price
        IIA Library-Bangalore IIA Library-Bangalore General Stacks   33.75   533/ LIN 2298 05/11/2021 33.75   Books Rs. 33.75

Powered by Koha